Loading...
Literature - World Literature | 3 | 2 | 0 | 0 | 65 | 25 | 68.80 | 3 | 5 |
Literature - American Literature | 0 | 6 | 0 | 0 | 60 | 85 | 113.83 | 1 | 5 |
Religion | 0 | 5 | 0 | 0 | 50 | 76 | 116.00 | 4 | 5 |
History - European History | 1 | 2 | 0 | 2 | 35 | 52 | 103.67 | 0 | 2 |
History - Other History | 1 | 1 | 0 | 0 | 25 | 59 | 81.50 | 1 | 2 |
Mythology | 1 | 1 | 0 | 1 | 25 | 54 | 107.00 | 0 | 1 |
Pop Culture | 1 | 1 | 1 | 1 | 20 | 37 | 84.50 | 1 | 1 |
Literature - European Literature | 0 | 3 | 2 | 0 | 20 | 90 | 112.67 | 1 | 3 |
Fine Arts - Other Fine Arts | 0 | 2 | 0 | 1 | 20 | 138 | 142.00 | 0 | 1 |
Social Science | 1 | 0 | 0 | 0 | 15 | 53 | 53.00 | 1 | 1 |
Fine Arts - Visual Fine Arts | 0 | 1 | 0 | 0 | 10 | 118 | 118.00 | 0 | 1 |
Literature - British Literature | 0 | 1 | 1 | 0 | 5 | 93 | 93.00 | 0 | 1 |
Fine Arts - Auditory Fine Arts | 0 | 0 | 0 | 0 | 0 | 0.00 | 0 | 0 | |
History - World History | 0 | 0 | 0 | 0 | 0 | 0.00 | 0 | 0 | |
Philosophy | 0 | 0 | 1 | 0 | -5 | 0.00 | 0 | 0 | |
History - American History | 0 | 0 | 1 | 0 | -5 | 0.00 | 0 | 0 |